Cities With a Kremlin - Statistics

General Stats
  • This quiz has been taken 20 times
  • The average score is 3 of 8
Answer Stats
City % Correct
Moscow
100%
Kazan
44%
Nizhny Novgorod
44%
Astrakhan
22%
Tula
22%
Pskov
17%
Tobolsk
6%
Zaraysk
0%
No matching quizzes found
Score Distribution
Percent of People with Each Score
Percentile by Number Answered
Your Score History
You have not taken this quiz